000 00710nam a22002057a 4500
999 _c9302
_d9302
003 GBCCL
005 20241126110709.0
008 220919b ||||| |||| 00| 0 eng d
020 _a9789385756955
040 _cgbc
082 _a324.54166
_bLAL
100 _aLalremruata, Jospeh C
_916203
245 _aElectoral politics in Mizoram :
_b1972 to 2019, the most peaceful state in India /
_cJospeh C Lalremruata ;forwarded by Jangkhongam Doungel
260 _aMeerut :
_bBalaji publications,
_c2021
300 _a359p
650 _a Elections
_zMizoram(India)
_916204
650 _aPolitics, Practical
_zMizoram (India)
_916205
650 _aPolitical participation
_zMizoram (India)
_916206
942 _2ddc
_cBK